书目信息 |
| 题名: |
物流平台生态系统构建与数字化赋能研究
|
|
| 作者: | 李清 著 | |
| 分册: | ||
| 出版信息: | 北京 清华大学出版社 2024.06 |
|
| 页数: | 164页 | |
| 开本: | 26cm | |
| 丛书名: | ||
| 单 册: | ||
| 中图分类: | F252.1-39 | |
| 科图分类: | ||
| 主题词: | 数字技术--应用--物流管理--研究 | |
| 电子资源: | ||
| ISBN: | 978-7-302-63197-2 | |
| 000 | 01033nam0 2200241 450 | |
| 001 | 013051964 | |
| 005 | 20251022172535.67 | |
| 010 | @a978-7-302-63197-2@dCNY79.00 | |
| 100 | @a20240801d2024 em y0chiy0120 ea | |
| 101 | 0 | @achi |
| 102 | @aCN@b110000 | |
| 105 | @aa z 000yy | |
| 106 | @ar | |
| 200 | 1 | @a物流平台生态系统构建与数字化赋能研究@9wu liu ping tai sheng tai xi tong gou jian yu shu zi hua fu neng yan jiu@f李清著 |
| 210 | @a北京@c清华大学出版社@d2024.06 | |
| 215 | @a164页@c图@d26cm | |
| 300 | @a上海市工商管理高原学科建设:数智商务与组织创新研究系列/王胜桥总主编 | |
| 330 | @a本书首先阐述了平台、物流平台和物流平台生态系统的概念演绎和发展现状,然后在物流平台生态系统的理论框架基础上,探讨了资源异质性、平台资源整合与价值共创、物流平台与互补者互动与价值共创、物流平台生态系统价值共创,并研究了物流平台赋能和数字化赋能的发展现状。 | |
| 606 | 0 | @a数字技术@x应用@x物流管理@x研究 |
| 690 | @aF252.1-39@v5 | |
| 701 | 0 | @a李清@9li qing@4著 |
| 801 | 0 | @aCN@c20250910 |
| 905 | @a河南城建学院图书馆@dF252.1@eL232@ZL232@f1 | |
| 物流平台生态系统构建与数字化赋能研究/李清著.-北京:清华大学出版社,2024.06 |
| 164页:图;26cm |
| 上海市工商管理高原学科建设:数智商务与组织创新研究系列/王胜桥总主编 |
| ISBN 978-7-302-63197-2:CNY79.00 |
| 本书首先阐述了平台、物流平台和物流平台生态系统的概念演绎和发展现状,然后在物流平台生态系统的理论框架基础上,探讨了资源异质性、平台资源整合与价值共创、物流平台与互补者互动与价值共创、物流平台生态系统价值共创,并研究了物流平台赋能和数字化赋能的发展现状。 |
| ● |
| 相关链接 |
|
|
|
正题名:物流平台生态系统构建与数字化赋能研究
索取号:F252.1/L232
 
预约/预借
| 序号 | 登录号 | 条形码 | 馆藏地/架位号 | 状态 | 备注 |
| 1 | 1634848 | 216348487 | 社科库409/409社科库 81排1列1层/ [索取号:F252.1/L232] | 在馆 |